Guess the language IV - Statistics

General Stats
  • This quiz has been taken 1,688 times
  • The average score is 5 of 10
Answer Stats
Language % Correct
完成したクッキーは水分が少ないので腐敗しにくく保存性は高いが、微妙な水分量の変化で食感が変化しやすい Japanese
88%
Småkagerne kan enten bages til de er sprøde eller så de forbliver bløde. Det afhænger af typen. Danish
81%
Эти условия предопределяются рецептурным составом сырья и технологическими параметрами замеса теста. Russian
76%
Ze worden in vele vormen gebakken. Dutch
74%
Kue kering adalah makanan ringan yang bukan makanan utama. Indonesian
51%
Má obvykle sladkou chuť a menší velikost. Czech
42%
Yra įvairių sausainių receptų ir jų paruošimo būdų. Lithuanian
36%
కుకీస్‌ని ఐసింగ్, ప్రత్యేకించి చాకొలెట్‌తో అలంకరిస్తారు, ఇవి మిఠాయి రకానికి చాలా దగ్గరగా ఉంటాయి. Telugu
26%
ഇംഗ്ലണ്ടിൽ ചെറുതും കട്ടിയുള്ളതുമായ ആഹാരപദാർത്ഥങ്ങളാണ് ബിസ്ക്കറ്റ്. Malayalam
22%
Oni provis jam en la 17-a jarcento plibonigi la paston per ovoj, sukero, nuksoj, vino kaj rozakvo. Esperanto
13%
No matching quizzes found
Score Distribution
Percent of People with Each Score
Percentile by Number Answered
Your Score History
You have not taken this quiz